000
00263nam a22001097a 4500
082
_a
894.812.3
_b
VIJ/O V
100
_a
VIJAYAN O V
245
_a
KHASAKINTE ITHIHASAM
246
_a
KHASAKINTE ITHIHASAM
_b
KHASAKINTE ITHIHASAM
650
_a
MALAYALAM NOVEL
942
_c
BK
999
_c
8893
_d
8893